Statistiques concernant Personnages célèbres nés en Égypte

Cliquez ici pour prendre le quiz!

Statistiques générales

  • Ce quiz a été pris 712 fois
  • Le résultat moyen est 10 sur 20

Statistiques - réponses

NaissanceIndiceRéponse% Correct
-69Dernière reine d'Égypte dont la mort marque la fin d'une èreCléopâtre VII
91%
1939Il mourut électrocuté dans sa baignoire en 1978Claude François
79%
1961Présentateur de Taratata et N'oubliez pas les parolesNagui
79%
-1345Pharaon mineur qui fut érigé en emblème de l'Égypte
Antique à la découverte de sa sépulture en 1922
Toutânkhamon
79%
-2590Sa pyramide est la seule merveille du monde encore deboutKhéops
70%
???Prophète qui aurait écrit le Décalogue dicté par DieuMoïse
66%
-1304Il a régné pendant 66 ans et repoussé les HittitesRamsès II
65%
1933Chanteuse d'origine italienne, découverte grâce à Bambino,
qui confirma en France et eut un succès international
Dalida
64%
-1370Femme d'Akhénaton qui a mystérieusement disparuNéfertiti
60%
1992Footballeur célèbre évoluant au poste d'ailier à LiverpoolMohamed Salah
57%
1918Président de l'Égypte, symbole socialiste du panarabismeGamal Abdel Nasser
52%
1929Homme politique palestinien qui a notamment signé les
accords d'Oslo et reçu le prix Nobel de la Paix en 1994
Yasser Arafat
40%
1934Chanteur grec égyptien qui avait une « gueule de métèque »Georges Moustaki
35%
1920Poétesse qui est également la grand-mère du chanteur -M-Andrée Chedid
34%
1918Successeur de celui-ci qui fut assassiné en 1981Anouar El-Sadate
27%
1928Dictateur qui fut poussé à la démission par le Printemps ArabeHosni Moubarak
27%
-2550Fils de celui-ci qui fut le commanditaire du grand SphinxKhéphren
22%
-2650Père de la médecine et de l'architecture égyptiennesImhotep
19%
1932Acteur de renommée internationale et fameux joueur de bridgeOmar Sharif
19%
100Savant auteur d'Almagèste et de Géographie, qui est avec
le grec Aristote la principale source antique pour la science
Claude Ptolémée
16%

Distribution des résultats

Percentile par nombre de réponses

% des personnes avec chaque résultat

Votre développement - résultats

Vous n’avez pas pris ce quiz